| 000 | 00733nam a2200253Ia 4500 | ||
|---|---|---|---|
| 003 | OSt | ||
| 005 | 20221007075112.0 | ||
| 006 | a|||||r|||| 00| 0 | ||
| 007 | ta | ||
| 008 | 221006b |||||||| |||| 00| 0 eng d | ||
| 024 | _a8,803 | ||
| 037 | _cReference Collections | ||
| 040 |
_aFLL _cFLL _beng |
||
| 041 |
_2eng _aeng |
||
| 082 | _aLoZ,91, P5 | ||
| 100 |
_aMathiharan K. Au. _9693503 |
||
| 245 | 0 | _aMedical jurisprudence and toxicology | |
| 250 | _a23rd | ||
| 260 |
_aNew Delhi _bButterworths India _c2005 |
||
| 300 |
_axxxiv,794p _ccm. |
||
| 700 |
_a Patnaik Amrit K. Au. _9693504 |
||
| 942 |
_hLoZ,91, P5 _cREF _2CC |
||
| 999 |
_c1154808 _d1154808 |
||